| 000 | 00922nas a2200277 i 4500 | ||
|---|---|---|---|
| 001 | 335 | ||
| 003 | ES-MaACL | ||
| 005 | 20250814084545.0 | ||
| 007 | t| | ||
| 008 | 950801c1961 fr m| | 1 ||re d | ||
| 022 | _a0045-1150 | ||
| 080 | _a791.4 | ||
| 245 | 0 | 2 |
_aL'Avant-scène. Cinéma / _c[dir., Robert Chandeau]. |
| 260 |
_aParis : _bAvant-scène du cinéma, _c1961- |
||
| 300 |
_a46 v. : _bil. ; _c21 cm. |
||
| 362 | 1 | _a1961- | |
| 500 | _aNo se publicó entre septiembre de 2008 y septiembre de 2010. | ||
| 650 | 1 | 7 |
_aCine _2embne _911010 |
| 655 | 7 |
_2tgfbne _9226866 _aRevistas |
|
| 700 | 1 |
_aChandeau, Robert, _9227434 |
|
| 852 |
_aES-MaACL _jHEM-H-167 _dOlim: Hem-1225 _cHEM |
||
| 866 | 0 |
_o1965-1970(1971),(1975)1976-1980(1981)1982-2005 (2006)2007-2010. _u1971(nov.y dic.)1981(nov.) 2006(550y551) |
|
| 942 |
_2udc _cPERIODICA |
||
| 999 |
_c335 _d335 |
||